000 00306nam a2200133Ia 4500
008 200103s9999||||xx |||||||||||||| ||und||
040 _aIMU-MPC
082 _aColumn-64
100 _aTaffrail
245 0 _aSalt Water Quize
260 _bHodder and Stoughton, London
_c1952
300 _a158
942 _cBK
999 _c11421
_d11421